000 00877nam a2200253Ia 4500
003 OSt
005 20220925195422.0
006 a|||||r|||| 00| 0
007 ta
008 220923b |||||||| |||| 00| 0 eng d
020 _a0877572267
_c3925.8800000000001
037 _b6621, 07/11/2007, Elite Publisher Distributors
_cGeneral Book
040 _aRTL
_cRTL
_beng
041 _2eng
_aeng
082 _aX:51b4g:(B), N2/RR
100 _aBruner Gordon
_9254455
245 0 _aMarketing scales handbook
_b A compilation of multi-item measures
260 _aChicago
_bAmerican Marketing Association
_c1992
300 _axiv, 1315p
_ccm.
650 _aCommerce
700 _a Hensel Paul J
_9254456
942 _hX:51b4g:(B), N2/RR
_cGB
_2CC
999 _c532868
_d532868